| 000 | 00349nam a22001337a 4500 | ||
|---|---|---|---|
| 008 | 181205b xxu||||| |||| 00| 0 eng d | ||
| 020 | _a9780323024532 | ||
| 041 | _aeng | ||
| 080 | _a610 | ||
| 100 | _a3 | ||
| 101 | _ashm | ||
| 245 |
_aA Practical Guide To Clinical Laboratory Medicine And Diagnostic Imahging _cFerri.F.F |
||
| 942 |
_2udc _cBK |
||
| 999 |
_c52841 _d52841 |
||